[Event "Titled Tuesday intern op 16th Apr Early"]
[Site "Chess.com INT"]
[Date "2024.04.16"]
[Round "3"]
[White "Gokhale, Rishabh Chandrashek"]
[Black "Helmer, Jan"]
[Result "1-0"]
[WhiteElo "2079"]
[BlackElo "2214"]
[PlyCount "33"]
[EventDate "2024.04.16"]
[EventType "swiss (blitz)"]
[EventRounds "11"]
[EventCountry "USA"]
[SourceTitle "CB17_2024"]
[SourceDate "2024.04.24"]
[SourceVersion "1"]
[SourceVersionDate "2024.04.24"]
[SourceQuality "1"]

1. e4 c5 2. Nf3 Nc6 3. Bb5 Nf6 4. Nc3 g6 5. 0-0 Bg7 6. Bxc6 dxc6 7. e5 Ng4 8. Re1 0-0 9. h3 Nh6 10. d3 Nf5 11. Bf4 Nd4 12. Nxd4 Qxd4 13. Qd2 Be6 14. Re4 Qd7 15. Bh6 Bxh6 16. Qxh6 Rfd8 17. Rh4 1-0

[Event "Titled Tuesday intern op 16th Apr Early"]
[Site "Chess.com INT"]
[Date "2024.04.16"]
[Round "9"]
[White "Schut, Han"]
[Black "Helmer, Jan"]
[Result "1-0"]
[WhiteElo "2091"]
[BlackElo "2214"]
[PlyCount "67"]
[EventDate "2024.04.16"]
[EventType "swiss (blitz)"]
[EventRounds "11"]
[EventCountry "USA"]
[SourceTitle "CB17_2024"]
[SourceDate "2024.04.24"]
[SourceVersion "1"]
[SourceVersionDate "2024.04.24"]
[SourceQuality "1"]

1. e4 c5 2. Nf3 d6 3. d4 cxd4 4. Nxd4 Nf6 5. f3 g6 6. c4 Bg7 7. Be3 0-0 8. Qd2 Nc6 9. Nc3 Bd7 10. Rc1 Rc8 11. Be2 Nxd4 12. Bxd4 Be6 13. b3 Nd7 14. Be3 a6 15. 0-0 Qa5 16. Nd5 Qd8 17. Nc3 Kh8 18. Rc2 Qa5 19. Rb1 b5 20. b4 Qc7 21. Nd5 Bxd5 22. exd5 bxc4 23. Rxc4 Qb7 24. Rbc1 Ne5 25. Rxc8 Rxc8 26. Rxc8+ Qxc8 27. a4 Qb7 28. b5 axb5 29. Bxb5 Nd7 30. h3 Nb6 31. Qa5 Nd7 32. Bxd7 Qb1+ 33. Kf2 Qa2+ 34. Qd2 1-0

[Event "Titled Tuesday intern op 12th Mar Late"]
[Site "Chess.com INT"]
[Date "2024.03.12"]
[Round "7"]
[White "Perske, Thore"]
[Black "Helmer, Jan"]
[Result "1-0"]
[WhiteElo "2450"]
[BlackElo "2206"]
[PlyCount "75"]
[EventDate "2024.03.12"]
[EventType "swiss (blitz)"]
[EventRounds "11"]
[EventCountry "USA"]
[SourceTitle "CB12_2024"]
[SourceDate "2023.10.01"]
[SourceVersion "1"]
[SourceVersionDate "2023.10.01"]
[SourceQuality "1"]

1. e4 c5 2. Nf3 d6 3. d4 cxd4 4. Nxd4 Nf6 5. Nc3 g6 6. Be3 Bg7 7. f3 0-0 8. Qd2 Nc6 9. 0-0-0 d5 10. exd5 Nxd5 11. Nxc6 bxc6 12. Bd4 e5 13. Bc5 Re8 14. Ne4 Qc7 15. h4 f5 16. Nd6 Rd8 17. Nxc8 Raxc8 18. h5 Nb6 19. Bxb6 Rxd2 20. Bc4+ Kf8 21. Bxc7 Rxd1+ 22. Rxd1 Rxc7 23. hxg6 hxg6 24. Rd6 Bh6+ 25. Kd1 Kg7 26. c3 Bg5 27. Kc2 Be7 28. Re6 Bf6 29. b4 c5 30. b5 Rd7 31. a4 Rc7 32. a5 Rd7 33. b6 axb6 34. axb6 Bd8 35. Ba6 Kf7 36. Rc6 Ke7 37. b7 Bc7 38. Rxc7 1-0

[Event "Titled Tuesday intern op 27th Feb Late"]
[Site "Chess.com INT"]
[Date "2024.02.27"]
[Round "7"]
[White "Helmer, Jan"]
[Black "Bressy, Theo"]
[Result "1-0"]
[WhiteElo "2212"]
[BlackElo "2192"]
[PlyCount "77"]
[EventDate "2024.02.27"]
[EventType "swiss (blitz)"]
[EventRounds "11"]
[EventCountry "USA"]
[SourceTitle "CB10_2024"]
[SourceDate "2024.03.06"]
[SourceVersion "1"]
[SourceVersionDate "2024.03.06"]
[SourceQuality "1"]

1. Nf3 d5 2. e3 Nf6 3. c4 e6 4. Nc3 Be7 5. b3 0-0 6. Bb2 Nc6 7. d4 Bb4 8. a3 Bxc3+ 9. Bxc3 Ne4 10. Bb2 f5 11. Be2 Ne7 12. 0-0 c6 13. Ne5 Ng6 14. f3 Nf6 15. Nxg6 hxg6 16. b4 Bd7 17. Qc2 g5 18. a4 Kf7 19. b5 Qc7 20. cxd5 exd5 21. bxc6 bxc6 22. e4 Rae8 23. e5 Nh5 24. Ba3 Rh8 25. Bd3 g6 26. Rfe1 Nf4 27. Bf1 Re6 28. Bd6 Rxd6 29. exd6 Qxd6 30. g3 Nh5 31. Re5 Qb4 32. Qd3 Rb8 33. Rae1 Nf6 34. Qe3 Qd6 35. Qxg5 Rg8 36. Qe3 Rb8 37. Re7+ Kg8 38. Qh6 Nh5 39. Qh7+ 1-0

[Event "GER-chT Online Liga 1 GpB"]
[Site "Playchess.com INT"]
[Date "2021.02.24"]
[Round "4.3"]
[White "Carlstedt, Jonathan"]
[Black "Helmer, Jan"]
[Result "1-0"]
[WhiteElo "2451"]
[BlackElo "2010"]
[PlyCount "91"]
[EventDate "2021.01.18"]
[EventType "team-tourn (rapid)"]
[EventRounds "7"]
[EventCountry "GER"]
[SourceTitle "EXT 2022"]
[Source "ChessBase"]
[SourceDate "2021.10.06"]
[SourceVersion "1"]
[SourceVersionDate "2021.10.06"]
[SourceQuality "1"]
[WhiteTeam "Werder Bremen"]
[BlackTeam "Hameln"]
[WhiteTeamCountry "GER"]
[BlackTeamCountry "GER"]

1. d4 e6 2. Nf3 b6 3. e4 Bb7 4. Bd3 c5 5. c3 d5 6. e5 Nc6 7. 0-0 Qd7 8. Be3 h6 9. a3 c4 10. Bc2 Nge7 11. Nbd2 0-0-0 12. b3 b5 13. a4 a6 14. axb5 axb5 15. bxc4 dxc4 16. Qb1 Nb8 17. Ne4 Nd5 18. Bd2 Be7 19. Re1 g5 20. Nd6+ Bxd6 21. exd6 f6 22. Rxe6 Qxe6 23. Bf5 Rxd6 24. Bxe6+ Rxe6 25. Qxb5 Nb6 26. Rb1 N8d7 27. Be3 Bd5 28. Qa6+ Kc7 29. Qa7+ Kc6 30. Qa3 Ra8 31. Qb2 Ree8 32. Ne1 Na4 33. Qc1 Reb8 34. Rxb8 Rxb8 35. Qa3 Ra8 36. Nc2 Nab6 37. Nb4+ Kb5 38. Qb2 Na4 39. Qc2 Ndb6 40. h4 Re8 41. Qg6 Rg8 42. Qh7 Rc8 43. Nxd5 Nxd5 44. Qd7+ Rc6 45. Qxd5+ Kb6 46. Qd7 1-0

[Event "GER-ch Net blitz qual2"]
[Site "Playchess.com INT"]
[Date "2020.03.16"]
[Round "1"]
[White "Jacobsen, Uwe"]
[Black "Helmer, Jan"]
[Result "0-1"]
[WhiteElo "1911"]
[BlackElo "2010"]
[PlyCount "64"]
[EventDate "2020.03.16"]
[EventType "swiss (blitz)"]
[EventRounds "9"]
[EventCountry "GER"]
[SourceTitle "CBM 195 Extra"]
[Source "ChessBase"]
[SourceDate "2020.05.31"]
[SourceVersion "1"]
[SourceVersionDate "2020.05.31"]
[SourceQuality "1"]

1. d4 b6 2. Nf3 Bb7 3. g3 f5 4. Bg2 Nf6 5. c4 e6 6. Nc3 Bb4 7. Qc2 Bxc3+ 8. bxc3 0-0 9. 0-0 d6 10. Bb2 Nbd7 11. Rad1 Ne4 12. Nd2 Nxd2 13. Bxb7 Nxf1 14. Bxa8 Ne3 15. fxe3 Qxa8 16. d5 e5 17. e4 fxe4 18. Qxe4 Nc5 19. Qg4 Qc8 20. Qg5 Qf5 21. Qxf5 Rxf5 22. Kg2 Ne4 23. Rf1 Rxf1 24. Kxf1 Nd2+ 25. Kg2 Nxc4 26. Bc1 e4 27. h3 Kf7 28. g4 Kf6 29. h4 Ke5 30. Kg3 Kxd5 31. h5 g6 32. g5 Ke5 0-1